[Event "Sant Boi de Llobregat op 21st"]
[Site "Sant Boi de Llobregat"]
[Date "2009.05.08"]
[Round "2.4"]
[White "Garrido Fernandez, Daniel"]
[Black "Mari Artuneda, Miquel"]
[Result "1-0"]
[WhiteElo "2292"]
[BlackElo "1906"]
[PlyCount "45"]
[EventDate "2009.04.24"]
[EventType "swiss"]
[EventRounds "8"]
[EventCountry "ESP"]
[SourceTitle "EXT 2024"]
[Source "ChessBase"]
[SourceDate "2023.10.10"]
[SourceVersion "1"]
[SourceVersionDate "2023.10.10"]
[SourceQuality "1"]

1. e4 c5 2. Nf3 Nc6 3. Bb5 a6 4. Bxc6 bxc6 5. d4 e6 6. d5 cxd5 7. exd5 d6 8. c4 e5 9. Nc3 f5 10. Ng5 Be7 11. Ne6 Bxe6 12. dxe6 Nf6 13. Qa4+ Kf8 14. Bg5 Ne4 15. Bxe7+ Kxe7 16. Nxe4 fxe4 17. 0-0 Kxe6 18. Qc6 Rf8 19. Qxe4 Rf4 20. Qd5+ Ke7 21. Rad1 Rb8 22. b3 Qg8 23. Qxd6+ 1-0